[Event "FRA-ch U14"]
[Site "Aix les Bains"]
[Date "2009.04.23"]
[Round "6"]
[White "Gueriche, Guillaume"]
[Black "Perrois, Aurelien"]
[Result "1-0"]
[WhiteElo "1972"]
[BlackElo "1840"]
[PlyCount "83"]
[EventDate "2009.04.19"]
[EventType "swiss"]
[EventRounds "9"]
[EventCountry "FRA"]
[SourceTitle "CBM 130 Extra"]
[Source "ChessBase"]
[SourceDate "2009.07.02"]
[SourceVersion "2"]
[SourceVersionDate "2009.07.15"]
[SourceQuality "1"]

1. d4 Nf6 2. c4 g6 3. Nc3 Bg7 4. e4 d6 5. f3 Nbd7 6. Be3 b6 7. Qd2 e5 8. d5 a6 9. Bd3 Nc5 10. Bc2 Bd7 11. Nge2 Qe7 12. Nc1 h5 13. b4 Nb7 14. Nb3 Ng8 15. c5 bxc5 16. bxc5 Bc8 17. c6 Nd8 18. Qf2 Bh6 19. Ba7 f5 20. Rb1 Nf6 21. Na5 fxe4 22. Bxe4 Nxe4 23. Nxe4 0-0 24. Be3 Nf7 25. 0-0 Bf5 26. Rb4 Rfb8 27. Rb7 Bxe3 28. Qxe3 Nd8 29. Rfb1 Rc8 30. Nc4 Qf8 31. R1b2 a5 32. a4 Ra6 33. Rb8 Nf7 34. R8b5 Rca8 35. Rb7 Qe7 36. Nb6 Rd8 37. Qe2 Bxe4 38. fxe4 Qg5 39. Nd7 Qc1+ 40. Qf1 Qe3+ 41. Kh1 Qxe4 42. Nf6+ 1-0

[Event "FRA-ch U08"]
[Site "Le Grand Bornand"]
[Date "2007.04.??"]
[Round "1"]
[White "Perrois, Aurelien"]
[Black "Martin, Axel"]
[Result "1/2-1/2"]
[WhiteElo "1860"]
[BlackElo "1570"]
[PlyCount "72"]
[EventDate "2007.04.07"]
[EventType "swiss"]
[EventRounds "9"]
[EventCountry "FRA"]
[SourceTitle "CBM 118 Extra"]
[Source "ChessBase"]
[SourceDate "2007.07.04"]
[SourceVersion "1"]
[SourceVersionDate "2007.07.04"]
[SourceQuality "1"]

1. d4 d5 2. Nf3 Nf6 3. Bf4 Bf5 4. e3 e6 5. Nbd2 Bd6 6. Bg3 0-0 7. Be2 h6 8. 0-0 Bxg3 9. hxg3 Nbd7 10. c4 c6 11. cxd5 exd5 12. Nb3 Re8 13. Bd3 Bxd3 14. Qxd3 Ne4 15. Nfd2 Ndf6 16. Nxe4 Nxe4 17. Nd2 Qc7 18. Nxe4 Rxe4 19. Rfc1 Qb6 20. Qb3 Qxb3 21. axb3 Kf8 22. Re1 a6 23. f3 Re7 24. e4 Rae8 25. e5 c5 26. dxc5 Rxe5 27. Rxe5 Rxe5 28. Kf2 d4 29. b4 Ke7 30. Re1 Rxe1 31. Kxe1 Ke6 32. Kd2 Kd5 33. Kd3 g6 34. g4 f6 35. g3 Ke5 36. f4+ Kd5 1/2-1/2